000
00461nam a2200133Ia 4500
008
100328s9999 xx 000 0 und d
082
_b
40599
100
_a
वरेरकर भार्गवराम विठ्ठल-अनु.
245
_a
अनुपमेचं प्रेम
260
_b
सदाभिरुचि
630
_a
अनुपमेचं प्रेम
730
_a
अनुपमेचं प्रेम
942
_c
BOOK
999
_c
529308
_d
529305